书目信息 |
| 题名: |
化学实验
|
|
| 作者: | ;工科中专化学教材编写组 编 | |
| 分册: | ||
| 出版信息: | 北京 人民教育出版社 1963 |
|
| 页数: | 26页 | |
| 开本: | 19cm | |
| 丛书名: | ||
| 单 册: | ||
| 中图分类: | TQ016 | |
| 科图分类: | ||
| 主题词: | 化学工业--专业学校--教材--基础理论 | |
| 电子资源: | ||
| ISBN: | ||
| 000 | 00706nam0 2200217 45 | |
| 001 | 0179000650 | |
| 005 | 20060530085938.12 | |
| 010 | @dCNY0.11 | |
| 100 | @a19950726d1963 em y0chiy0121 ea | |
| 101 | 0 | @achi |
| 102 | @aCN@b110000 | |
| 105 | @ay z 000yy | |
| 200 | 10 | @a化学实验@Ahua xue shi yan@f工科中专化学教材编写组编@Fgong ke zhong zhuan hua xue jiao cai bian xie zu bian |
| 210 | @a北京@c人民教育出版社@d1963 | |
| 215 | @a26页@d19cm | |
| 300 | @a中等专业学校教材 工科非化工专业通用 | |
| 606 | @a化学工业@x专业学校@x教材@x基础理论 | |
| 690 | @aTQ016@v3 | |
| 711 | 0 | @a工科中专化学教材编写组@Agong ke zhong zhuan hua xue jiao cai bian xie zu@4编 |
| 801 | 0 | @aCN@bNLC@c20060530 |
| 905 | @dTQ016@e1 | |
| 化学实验/工科中专化学教材编写组编.-北京:人民教育出版社,1963 |
| 26页;19cm |
| 中等专业学校教材 工科非化工专业通用 |
| ISBN :CNY0.11 |
| ● |
| 相关链接 |
|
|
|
|
正题名:化学实验
索取号:TQ016/1
 
预约/预借
| 序号 | 登录号 | 条形码 | 馆藏地/架位号 | 状态 | 备注 |
| 1 | 0018073 | 204201158 | 密集书库/ [索取号:TQ016/1] | 在馆 |